| 000 | 01511nam a22002417a 4500 | ||
|---|---|---|---|
| 005 | 20260218094320.0 | ||
| 008 | 170911b2002 ag ||||| |||| 00| 0bspa d | ||
| 020 | _a9875170429 | ||
| 050 | 0 | 4 |
_aKHA3015 _bD47 2002 |
| 245 | 0 | 0 |
_aDerecho a la información, hábeas data e internet _b : sociedad de la información, Ética periodística, Derecho de respuesta, Libertad de información y derecho a la intimidad, Medidas precautorias y tutela procesal efectiva del derecho a la intimidad, Responsabilidad civil de los mediso de comunicación social por la difusión de noticias, Libertad de prensa, justicia penal, derecho al honor y a la intimidad, aspectos del hábeas data, Derecho comparado en la protección de datos, Responsabilidad del estado, Acción de hábeas data (aspectosprocesales), Internet y su regulación jurídica _c / director Juan F. Armagnague ; coordinadoras María G. Ábalos, Olga P. Arrabal de Canals ; prólogo de Aída Kemelmajer de Carlucci |
| 250 | _a1a ed. | ||
| 260 |
_aBuenos Aires : _bEdiciones La Roca, _c2002 |
||
| 300 |
_a592 p. ; _c23 cm. |
||
| 504 | _aIncluye apéndice, bibliografía : p. 569-592 | ||
| 650 | 7 |
_2lemb _aLibertad de informacion _zArgentina |
|
| 650 | 7 |
_aLibertad de prensa _zArgentina |
|
| 650 | 7 |
_2lemb _aInternet _zArgentina |
|
| 700 |
_aArmagnague, Juan F., _edirector |
||
| 700 | 1 |
_aÁbalos, María G., _ecoordinador |
|
| 700 | 1 |
_aArrabal de Canals, Olga P., _ecoordinador |
|
| 700 | 1 |
_aKemelmajer de Carlucci, Aída, _eprologuista |
|
| 942 |
_2lcc _cLIB |
||
| 999 |
_c136648 _d136648 |
||